Culture Générale - Série 2679 - Statistiques

Statistiques générales
  • Ce quiz a été pris 79 fois
  • Le résultat moyen est 4 sur 10
Statistiques - réponses
Question Réponse % Correct
Sous quel nom connaissait-on mieux le footballeur Edson Arantes do Nascimento ? Pelé
72%
Quelle est la capitale du Texas état des Etats Unis ? Austin
55%
Quel est le nom de "L'Avare" dans la pièce de Molière ? Harpagon
54%
De quel pays le forint est-il l'unité monétaire ? Hongrie
36%
Quel animal domestique originaire du Royaume-Uni peut être appelé "devon rex" ? chat
34%
Quelle est la capitale du Botswana ? Gaborone
33%
Qui a écrit Athalie tragédie en cinq actes et en alexandrins, en 1691 ? Jean Racine
33%
Roman de Chateaubriand publié en 1802, dont le titre est un prénom masculin. René
21%
C'est un gratte-papier en 13 lettres commençant par " s " scribouillard
21%
Tragédie en 5 actes et en vers de Voltaire, représentée pour la première fois au Théâtre-Français le 16 mars 1778 - dont le titre est un prénom féminin Irène
1%
Aucun quiz correspondant
Distribution des résultats
% des personnes avec chaque résultat
Percentile par nombre de réponses
Votre historique - résultats
Vous n’avez pas pris ce quiz